000
00334nam a2200133 a 4500
005
20140513081057.0
008
080110s19uu xx 00 eng d
050
_a
VCD
_b
Gr786 2003
245
_a
Great numbers game (The) /.
260
_b
Sesame street,
_c
2003.
440
_a
Sesame Street
650
_a
Games-number.
999
_c
116616
_d
116616